000 00264nam a2200097Ia 4500
001 710575
005 20250826162751.0
008 250824s9999 xx 000 0 und d
245 0 _aBİR DELİNİN HATIRA DEFTERİ
_cNİKOLAY GOGOL
260 _bANTİK DÜNYA KLASİKLERİ
999 _c710575
_d710575